| 000 | 00548 a2200169 4500 | ||
|---|---|---|---|
| 005 | 20260328112359.0 | ||
| 008 | 260317b |||||||| |||| 00| 0 eng d | ||
| 020 | _a9789364873734 | ||
| 080 |
_a89M-94 _bSUN/N |
||
| 100 | _aSunitha Krishnan | ||
| 245 | _aNjan, njan thanne: ormakkurippukal(ഞാൻ, ഞാൻ തന്നെ: ഓർമ്മക്കുറിപ്പുകൾ) | ||
| 260 |
_bD C books. _aKottayam. _c2025. |
||
| 300 | _a416p. | ||
| 653 | _aMemoir-Malayalam translation | ||
| 700 | _aSenu Kurian George; tr.by | ||
| 942 | _cBK | ||
| 999 |
_c115356 _d115355 |
||